Statistiques concernant Pokémon - Les attaques de Mimantis

Cliquez ici pour prendre le quiz!

Statistiques générales

  • Ce quiz a été pris 4 fois
  • Le résultat moyen est 10 sur 12

Statistiques - réponses

NiveauxTypesNoms des attaques% Correct
Niveau 40PlanteLame Feuille
100%
Niveau 50PlanteLance-Soleil
100%
Niveau 35PlanteSynthèse
100%
DépartInsecteTaillade
100%
Niveau 25NormalTranche
100%
Niveau 15PlanteTranch'Herbe
100%
Niveau 45FeuZénith
100%
DépartPlanteFeuillage
67%
Niveau 30InsectePlaie Croix
67%
Niveau 10PlanteRacines
67%
Niveau 5NormalCroissance
33%
Niveau 20NormalDoux Parfum
33%

Distribution des résultats

Percentile par nombre de réponses

% des personnes avec chaque résultat

Votre développement - résultats

Vous n’avez pas pris ce quiz